| 000 | nam a22 a 4500 | ||
|---|---|---|---|
| 999 |
_c186774 _d186774 |
||
| 003 | BLK | ||
| 005 | 20230504140451.0 | ||
| 008 | 180411b bul|||||r ||||||| ||bul|| | ||
| 010 | _aKNG00195770000 | ||
| 040 | _aBLK | ||
| 041 |
_aBUL _cBUL |
||
| 080 |
_aСелскостопански мелиорации _b631.6 _x(035) _z631.6(035) |
||
| 100 | 1 |
_aПенков, Марин Добрев _eпърви автор _9377227 |
|
| 139 |
_aПенков, Марин Добрев _bП 35 |
||
| 245 | 1 | 0 |
_aМелиоративно дълбоко разрохкване на почвата _bРъководство _cМарин Добрев Пенков. |
| 257 | _aBGR | ||
| 260 |
_aСофия _bЗемиздат _c1993 _fПерник : Полиграф |
||
| 300 |
_a123 с. _bс ил. _c20 см |
||
| 380 | _a63 | ||
| 490 |
_aВсичко за фермера _9205367 |
||
| 500 | _aБиблиогр. с. 118-119. - Офс. изд. | ||
| 650 | 4 |
_aСелскостопански науки - България _9304869 |
|
| 650 | 4 |
_aМелиорации, селскостопански - справочници _9257912 |
|
| 852 |
_aЦб 174362 _bЦб |
||
| 856 | 4 |
_qpdf _i0.00 _ldisable |
|
| 856 | 4 |
_qpdf _i0.00 _ldisable |
|
| 942 |
_cKNG _n0 _s1 |
||
| 944 |
_aCR _c11.11.2016 _kГрета_Цуфелде |
||
| 944 |
_aED _c11.11.2016 _kГрета_Цуфелде |
||
| 999 | _d186774 | ||